| 000 | 01135 a2200205 4500 | ||
|---|---|---|---|
| 001 | 54945 | ||
| 005 | 20260407155824.0 | ||
| 008 | 260407a1968 arg spa d | ||
| 003 | AR-UNSa-BCEJYS | ||
| 040 |
_aAR-UNSa-BCEJYS _bspa _cAR-UNSa-BCEJYS |
||
| 080 |
_a376 _xEducación, formación y enseñanza de grupos especiales de personas. Escuelas especiales |
||
| 245 | 1 | 0 | _aLa revolución académica |
| 264 | 1 |
_aBuenos Aires : _bPaidós _c1968 |
|
| 300 |
_a605 p. _c23 cm. |
||
| 505 | _aI. La revolución académica en perspectiva - II. La guerra entre las generaciones - III. Estratificación social y educación superior masiva - IV. Nacionalismo versus localismo - V. Las escuelas profesionales - VI. Los intereses de clase y la controversia "público-privado" - VII. Feminismo,masculinismo y coeducación - VIII. Las iglesias protestantes y sus colleges - IX. Los católicos y sus colleges - X. Los negros y sus colleges - XI. Los colleges antiuniversitarios - XII. La reforma de las escuelas de graduados | ||
| 942 | _cBK | ||
| 590 | _aniveau_biblio:m niveau_hierar:0 | ||
| 100 | 1 | _aJencks, Christopher | |
| 700 | 1 | _aRiesman, David | |
| 999 |
_c5832 _d5832 |
||